书目信息 |
| 题名: |
教师口语训练手册
|
|
| 作者: | 张锐 , 万里 主编 ;国家教育委员会师范教育司组 编 | |
| 分册: | ||
| 出版信息: | 北京 北京师范大学出版社 1998.03 |
|
| 页数: | 381页 | |
| 开本: | 32开 | |
| 丛书名: | ||
| 单 册: | ||
| 中图分类: | H193.2 | |
| 科图分类: | ||
| 主题词: | 汉语--语言教学 | |
| 电子资源: | ||
| ISBN: | 7-303-03599-0 | |
| 000 | 00779nam0 2200241 45 | |
| 001 | 0109240838 | |
| 005 | 20031219104057.7 | |
| 010 | @a7-303-03599-0@dCNY15.40 | |
| 100 | @a20010924d1998 km y0chiy0120 ea | |
| 101 | 0 | @achi |
| 105 | @a z 000yy | |
| 200 | 1 | @a教师口语训练手册@AJiao Shi Kou Yu Xun Lian Shou Ce@e试用本@EShi Yong Ben@f张锐,万里主编@FZhang Rui,Wan Li Zhu Bian@g国家教育委员会师范教育司组编 |
| 210 | @a北京@c北京师范大学出版社@d1998.03 | |
| 215 | @a381页@d32开 | |
| 300 | @a高等师范院校(本专科)通用教材 | |
| 517 | @a试用本@AShi Yong Ben | |
| 606 | 0 | @a汉语@x语言教学 |
| 690 | @aH193.2@v著 | |
| 701 | 0 | @a张锐@4主编 |
| 701 | 0 | @a万里@4主编 |
| 711 | 02 | @a国家教育委员会师范教育司组@4编 |
| 801 | @aCN@bTSTC@c20010924 | |
| 905 | @b314515-516@dH193.2@e158@f2 | |
| 教师口语训练手册:试用本/张锐,万里主编/国家教育委员会师范教育司组编.-北京:北京师范大学出版社,1998.03 |
| 381页;32开 |
| 高等师范院校(本专科)通用教材 |
| ISBN 7-303-03599-0:CNY15.40 |
| ● |
| 相关链接 |
|
|
|
|
正题名:教师口语训练手册
索取号:H193.2/158
 
预约/预借
| 序号 | 登录号 | 条形码 | 馆藏地/架位号 | 状态 | 备注 |
| 1 | 0314515 | 203145159 | 第四借阅区/ [索取号:H193.2/158] | 在馆 | |
| 2 | 0314516 | 203145168 | 第二样本阅览室/ [索取号:H193.2/158] | 在馆 |